| 000 | 004630000a22001810004500 | ||
|---|---|---|---|
| 020 | _a0-89191-760-8 | ||
| 041 | 0 | _aENG | |
| 082 | 0 | 4 | _aG 268.6 L4931c |
| 100 | 1 | _aLeFever, Marlene D. | |
| 245 | 1 | 0 | _aCreative teaching methods / Marlene D. LeFever |
| 260 | _aElgin, ILL., USA : D.C. Cook | ||
| 300 | _a320 Pag | ||
| 001 | 8019 | ||
| 942 | _cBK | ||
| 999 |
_c38217 _d38217 |
||
| 336 |
_atexto _btxt _2rdacontent |
||
| 337 |
_2rdamedia _asin mediación _bn |
||
| 338 |
_2rdacarrier _avolumen _bnc |
||